00506nam a2200121Ia 4500008004100000082001400041100001900055245009100074260003100165365000600196630009100202730009100293100415s9999 xx 000 0 und d b8796a770 aPike Oliver G aNature and Camera : Summing Up Fifty Years Experience of Photograhing Flora and Fauna aLONDONc0bTHE FOCAL PRESS b0 aNature and Camera : Summing Up Fifty Years Experience of Photograhing Flora and Fauna aNature and Camera : Summing Up Fifty Years Experience of Photograhing Flora and Fauna